| 000 | 00561nam a2200193 a 4500 | ||
|---|---|---|---|
| 003 | BD-DhJNU | ||
| 005 | 20241125085735.0 | ||
| 008 | 161114b xxu||||| |||| 00| 0 eng d | ||
| 020 | _a9788183243476 | ||
| 040 |
_aBD-DhJNU _bENG _cBD-DhJNU _dBD-DhJNU |
||
| 082 | 0 | 0 |
_a323.095 CYH _223 |
| 100 | _aCyril Kanmony,J | ||
| 245 |
_aHuman rights violation / _cJ.Cyril Kanmony |
||
| 260 |
_aNew Delhi : _bMittal Pub., _c2010. |
||
| 300 |
_axv,141 p. : _bill. ; _c21 cm. |
||
| 504 | _aIncludes bibliographical references and index. | ||
| 650 | _aHuman Rights | ||
| 942 | _cBK | ||
| 999 |
_c950 _d950 |
||